1029 1412 1724 1294 1074 1684 1934 1142 1062 1163 1839 1655 1391 1812 1019 1647 1756 1424 1716 1386 1701 1153 1157 1906 1750 1789 1294 1217 1380 1416 1975 1447 1122 1210 1589 1628 1667 1925 1078 1044 1899 1415 1276 1879 1662 1054 1358 1366 1373 1319 1174 1251 1729 1666 1006 1634 1543 1098 1682 1476 1271 1980 1032 1109 1923 1368 1375 1938 1797 1911 1314 1709 1594 1677 1784 1619 1683 1685 1944 1121 1222 1964 1109 1701 1505 1710 1155 1676 1224 1025 1505 1063 1243 1904 1542 1053 1515 1361 1919 BCNSPRNW ULIB Ver.6.0+V

เปลี่ยนเป็นภาษาไทย

Change to English
 แสดงรายละเอียดบรรณานุกรม
  กลับหน้าหลัก

Brief Record : Get Marc (ISO 2709) : E-mail record : QR code < ปิดหน้าต่าง
LEADER : 00000nam 2200000uu 4500
001    13399128843
003     ULIB
008    241009s2564||||th 000 0 tha d
020    ^a9786162852466
050  4 ^aPE1116.M4^bส187
245 00 ^aสนทนา 3 ภาษา ไทย อังกฤษ จีน :^bโต้ตอบอย่างมั่นใจพิชิตงานบริการในโรงพยาบาล = Thai English Mandarin 3 languagesconversations for hospital services /^cเรียบเรียงโดยกองบรรณาธิการ สำนักพิมพ์ทองเกษม
246 31 ^aThai English Mandarin 3 languages conversations forhospital services
250    ^aพิมพ์ครั้งที่ 1
260    ^aกรุงเทพฯ :^bทองเกษม/นานมี,^c2564
300    ^a177 หน้า :^bภาพประกอบ ;^c23 ซม.
490 1  ^aชุดการสื่อสารเพื่อพัฒนาอาชีพ
505 0  ^aUnit 1 ฝ่ายประชาสัมพันธ์โรงพยาบาล -- Unit 2งานเวชระเบียนและคัดกรองผู้ป่วย -- Unit 3 สอบถามประวัติผู้ป่วย --Unit 4 การฉีดยา -- Unit 5 แผนกรังสีวิทยาและห้องปฏิบัติการ -- Unit6 การพักฟื้นในโรงพยาบาลและการเยี่ยมไข้ -- Unit 7 ชำระเงินและรับยา-- Unit 8 แผนกทันตกรรม -- Unit 9 แผนกแพทย์แผนจีน -- Unit 10โคโรนาไวรัส 2019
546    ^aเนื้อหาเป็นภาษาไทย จีน อังกฤษ
650  4 ^aภาษาจีน^xบทสนทนาและวลี^xภาษาไทย
650  4 ^aภาษาอังกฤษ^xบทสนทนาและวลี (สำหรับบุคลากรทางการแพทย์)
650  4 ^aภาษาจีน^xบทสนทนาและวลี (สำหรับบุคลากรทางการแพทย์)
710 2  ^aกองบรรณาธิการ สำนักพิมพ์ทองเกษม
830  0 ^aชุดการสื่อสารเพื่อพัฒนาอาชีพ
945    ^p199^l0^i011079
999    ^aประนอม เกษจรัล
รายการนี้ยังไม่มีแท็ก
คุณยังไม่ได้ล็อกอิน คุณสามารถมีกิจกรรมร่วมกับเว็บไซต์ได้ แต่ต้องล็อกอินก่อน ::
  ล็อกอิน

รายการสื่อสารสนเทศ

ลำดับที่ ประเภท เลขเรียก/บาร์โค้ด สถานที่ สถานะ
1. การศึกษาทั่วไป
หนังสือสำรอง
สถานะ=หนังสือสำรอง
PE1116.M4 ส187 ฉ.1 
  Barcode: 011079
ห้องสมุดวิทยาเขตสวรรค์ประชารักษ์
►หนังสือทั่วไป
บนชั้น

BibComment


ยังไม่เคยถูกคอมเมนท์

คอมเมนท์ทรัพยากรรายการนี้
  คอมเมนท์: สนทนา 3 ภาษา ไทย..


 Copyright 2026. Bcnsprnw @Library